000 00626nam a22002057a 4500
003 OSt
005 20140310181804.0
008 130704t xxu||||| |||| 00| 0 eng d
020 _a0679773738
050 _aPL 679
_b.R194 1996
082 _2REF 495.6321
_bR15 1996
245 _aRandom house Webster's pocket Japanese dictionary /
260 _aNew York :
_bRandom House,
_c.c1996.
300 _axiv, 450 p. ;
_c14 cm.
520 _a1. Japanese language--Dictionaries--English language. 2. English language--Dictionaries--Japanese.
521 _a
541 _j1
562 _e1
942 _2lcc
_cBK-GR
_kREF
999 _c3749
_d3749